| 000 | 01336nam a22003857a 4500 | ||
|---|---|---|---|
| 003 | OSt | ||
| 005 | 20230519100751.0 | ||
| 008 | 221006b |||||||| |||| 00| 0 eng d | ||
| 040 | _cBiblioteca Lado V | ||
| 082 |
_a701.18 _bA658t |
||
| 100 |
_9828 _aAraeen, Rasheed _eeditora |
||
| 245 |
_aThird Text/ _bCriticalPerspectives on Contemporary Art & Culture/ |
||
| 260 |
_bRoutledge _c2001 _aLondres |
||
| 300 |
_c19x25cm _a112p. |
||
| 366 | _eeng | ||
| 490 |
_a55 _v2001 _x0952-8822 |
||
| 505 | _aTabish Khair | ||
| 505 | _aClaudia Egerer | ||
| 505 | _aNancy Jachec | ||
| 505 | _aTimothy Paul Brown | ||
| 505 | _aPaul Overy | ||
| 505 | _aOlu Oguibe | ||
| 505 | _aMargarita Sanchez Prieto | ||
| 505 | _aShaheen Meerali | ||
| 505 |
_aReviews _gJuliet Steyn H O Nazareth Penelope Richardson Tomur Atagok and Susan Platt |
||
| 505 | _aContributors | ||
| 650 |
_2Tesauro de Arte & Arquitectura _aARTE _9703 |
||
| 650 |
_2Tesauro de Arte & Arquitectura _aCRITICA |
||
| 650 |
_2Tesauro de Arte & Arquitectura _aARTE CONTEMPORANEO |
||
| 650 |
_2Tesauro de Arte & Arquitectura _aAPRECIACION |
||
| 650 |
_2Tesauro de Arte & Arquitectura _aTEORIA |
||
| 650 |
_2Tesauro de Arte & Arquitectura _aANALISIS |
||
| 651 |
_2Tesauro de Arte & Arquitectura _aLONDRES |
||
| 942 |
_2ddc _c1 _h701.18 _iA658t _n0 |
||
| 999 |
_c3642 _d3642 |
||